01651nam a22001697a 4500008004100000020001800041050001800059100001900077245010900096250001200205260005200217300004300269500003300312505109400345700002201439700002001461190801b xxu||||| |||| 00| 0 eng d a9781435480339 aRM300.W67(6e) aWoodrow, Ruth. aEssentials of pharmacology for health occupations. /cRuth Woodrow, Bruce J. Colbert and David M. Smith. a6th ed. aClifton Park :bDelmar Cengage Learning,c2011. axxxii, 586 p. :bill. (col.) ;c28 cm. aIncludes glossary and index. aContents: Part 1: Introduction to pharmacologic principles: Consumer safety and drug regulations -- Drug names and references -- Sources and bodily effects of drugs -- Medication preparations and supplies -- Abbreviations and systems of measurement -- Safe dosage calculations -- Responsibilities and principles of drug administration -- Administration by the gastrointestinal route -- Administration by the parental route -- Poison Control -- Part 2: Drug classifications: Vitamins, minerals and herbs -- Skin medications -- Autonomic nervous system drugs -- Antineoplastic drugs -- Urinary system drugs -- Gastrointestinal drugs -- Anti-infective drugs -- Eye medications -- Analgesics,sedatives,and hypnotics -- Psychotropic medications, alcohol and drug abuse -- Musculoskeletal and anti-inflammatory drugs -- Anticonvulsants, and anti-inflammatory drugs -- Anticonvulsants, antiparkinsonian drugs and agents for alzheimer's disease -- Endocrine system drugs -- Reproductive system drugs -- Cardiovascular drugs -- Respiratory system drugs and antihistamines -- Drugs and older adults. aColbert, Bruce J. aSmith, David M.